|
|
|
|
| LEADER |
00000cam a2200000 7i4500 |
| 001 |
0000004147 |
| 005 |
20181226.0 |
| 020 |
0 |
0 |
|a 9789670622897
|
| 090 |
0 |
0 |
|a 615.880
|b KHA 2017
|
| 245 |
1 |
0 |
|a Khazanah perubatan Melayu :
|b tumbuhan ubatan (Jilid 2)
|c editor Nik Musa'adah Mustapha...[et.all]
|
| 260 |
0 |
0 |
|a Kuala Lumpur :
|b FRIM ,
|c 2017
|
| 300 |
|
|
|a xiii 585 p :
|b .col.ill. ;
|c 26cm.
|
| 500 |
0 |
0 |
|a Includes index
|
| 650 |
0 |
0 |
|a Alternative medicine---Malaysia
|
| 650 |
0 |
0 |
|a Traditional medicine---Malaysia
|
| 700 |
1 |
1 |
|a Nik Zanariah Nik Mahmood
|
| 700 |
1 |
1 |
|a Nor Azah Mohd Ali
|
| 700 |
1 |
1 |
|a Norini Haroni
|
| 999 |
|
|
|a 008018
|b Monograph
|c Open Shelf
|e Default branch
|